|
|
|
|
| LEADER |
01181nab#a2200385#ar4500 |
| 001 |
000115213 |
| 003 |
SVKKK |
| 005 |
20150420095307.0 |
| 008 |
150420c2013 xo |||||||||||||||b|slo |
| FMT |
|
|
|
| 015 |
|
|
|a SNBRB2015/04
|
| 038 |
|
|
|a SVKKK
|
| 040 |
|
|
|a SVKKK
|b slo
|e AACR2
|
| 041 |
0 |
|
|a slo
|
| 044 |
|
|
|a xo
|c SK
|
| 080 |
|
|
|a 504
|2 2008
|
| 080 |
|
|
|a 627.513
|2 2008
|
| 245 |
1 |
0 |
|a Protipovodňové opatrenia jednou z priorít
|b paragrafové znenie nového zákona o odpadoch by malo byť predložené na rokovanie Vlády SR v druhom štvrťroku 2014
|c Odbor komunikácie MŽP SR
|
| 300 |
|
|
|b Fotogr.
|
| 610 |
1 |
4 |
|a Slovensko
|b Ministerstvo životného prostredia
|
| 650 |
0 |
4 |
|a ochrana životného prostredia
|
| 650 |
0 |
4 |
|a legislatíva
|
| 650 |
0 |
4 |
|a odpadové hospodárstvo
|
| 650 |
0 |
4 |
|a nový zákon o odpadoch
|
| 650 |
0 |
4 |
|a protipovodňové opatrenia
|
| 651 |
|
4 |
|a Slovensko
|
| 773 |
0 |
|
|t 21. storočie : magazín pre priemyselnú ekológiu
|g Roč. 16, č. 4 (2013-2014), s. 5
|x 1335-874X
|
| 958 |
|
|
|a SK
|
| 974 |
|
|
|a Va
|
| 992 |
|
|
|a RBX
|
| BAS |
|
|
|
| 852 |
|
|
|a SVKKK
|b BIB
|
| 856 |
4 |
1 |
|a http://www.21storocie.sk/data/4_2013-web.pdf
|
| EXP |
|
|
|
| 998 |
|
|
|a GEO
|